000 02036nam a2200229Ia 4500
005 20250604160030.0
008 240821s9999 xx 000 0 und d
020 _a9780367895167
_qhbk
041 _aeng
082 _a005.74
_bVAN
100 _aVan Rijmenam, Mark
245 0 _aBlockchain : transforming your business and our world
_c/ Mark van Rijmenam and Philippa Ryan.
250 _a1st ed.
260 _b: Routledge, Taylor and Francis Group
_c, 2019.
_aLondon
300 _ax,201 p.
_c: 23cm.
500 _aReprint 2020.
504 _aBib and Ref
520 _aThe Internet was envisaged as a decentralised global network, but in the past 25 years it has come to be controlled by a few, very powerful, centralised companies. Blockchain is a technological paradigm shift that allows secure, reliable, and direct information transfer between individuals, organisations, and things, so that we can manage, verify, and control the use of our own data. Blockchain also offers a new opportunity for humanity to fix some major problems. It can authenticate data, manage its analysis, and automate its use. With better data comes better decision-making. In this way, Blockchain can contribute to solving climate change, reduce voting fraud, fix our identity systems, improve fair trade, and give the poor an opportunity to improve their lives by monetising their (digital) capital. A world built upon peer-to-peer transactions and smart contracts can empower individuals and communities. This book offers a fresh perspective with which to consider this transformative technology. It describes how blockchain can optimise the processes that run our society. It provides practical solutions to global problems and offers a road map to incorporate Blockchain in your business. It offers a blueprint for a better world. Filled with easy-to-understand examples, this book shows how Blockchain can take over where the Internet has fallen short.
650 _aBlockchains (Databases)
700 _aRyan, Philippa
942 _cENGLISH
999 _c524834
_d524834